Movie Title Duos Quiz Stats

Quiz Updated Feb 16, 2012

Challenge
Share
Tweet
Embed
Score 0/24 Timer 06:00
0 Plays Today
Year Title % Correct
1991Thelma & Louise
68%
1996Romeo + Juliet
66.9%
2009Julie & Julia
66.8%
1967Bonnie and Clyde
58.3%
2004Starsky & Hutch
53.8%
1997Batman & Robin
52.6%
1989Turner & Hooch
39.8%
1982Victor/Victoria
37.7%
2001Kate & Leopold
31.3%
1989Tango & Cash
27.1%
1993Benny & Joon
20.6%
1971Harold and Maude
18.5%
Year Title % Correct
1986Sid and Nancy
14.7%
1995Tom and Huck
14.1%
1991Frankie and Johnny
13.4%
2002Lilo & Stitch
7.8%
1974Thunderbolt and Lightfoot
7.2%
2003Alex & Emma
6.7%
1993Amos & Andrew
5.2%
2005Melinda and Melinda
4.9%
1990Stanley & Iris
4.7%
1990Henry & June
4.3%
2008Wendy and Lucy
4%
1998Hilary and Jackie
4%

You're not logged in!

Compare scores with friends on all Sporcle quizzes.
Join for Free
OR
Log In

You Might Also Like...

Show Comments

Extras

Top Quizzes Today


Score Distribution

Your Account Isn't Verified!

In order to create a playlist on Sporcle, you need to verify the email address you used during registration. Go to your Sporcle Settings to finish the process.

Report this User

Report this user for behavior that violates our Community Guidelines.

Details: